| 000 | 00396nam a2200169Ia 4500 | ||
|---|---|---|---|
| 003 | 0STCL | ||
| 008 | 150530s9999 xx 000 0 und d | ||
| 040 |
_aSTCL _cSTCL |
||
| 100 | _aRitchie James | ||
| 245 | _aThomsons outlines of zoology | ||
| 250 | _aFourth | ||
| 260 |
_bOxford University press _c1953 |
||
| 546 | _aEnglish | ||
| 942 |
_2ddc _cBK |
||
| 999 |
_c37557 _d37557 |
||
| 005 | 20220125170423.0 | ||